| 000 | 01188aam a2200337 i 4500 | ||
|---|---|---|---|
| 999 |
_c200448266 _d66478 |
||
| 003 | TR-AnTOB | ||
| 005 | 20220324172854.0 | ||
| 007 | ta | ||
| 008 | 220221s2021 tu a g 100 0 tur d | ||
| 020 |
_a9786057039743 _q(hardcover) |
||
| 040 |
_aTEDU _beng _erda _dISIKU _cTR-AnTOB |
||
| 041 | 0 | _atur | |
| 050 | 4 |
_aDR603 _b.D37 2021 |
|
| 090 |
_aDR603 _b.D37 2021 |
||
| 111 | 2 |
_aDarbe ile Mücadele Sempozyumu _n(5th : _d2021 : _cİstanbul) _9136222 |
|
| 245 | 1 | 0 |
_a5. darbe ile mücadele sempozyumu / _cyayına hazırlayan : Ahmet Akcan ; editör: Rasim Koç; tasarım: Utku Aydın. |
| 246 | 3 | _aBeşinci darbe ile mücadele sempozyumu | |
| 264 | 1 |
_aİstanbul : _bLale Yayıncılık, _c2021. |
|
| 300 |
_a191 pages : _billustrations ; _c24 cm |
||
| 336 |
_atext _btxt _2rdacontent |
||
| 336 |
_astill image _btxt _2rdacontent |
||
| 337 |
_aunmediated _bn _2rdamedia |
||
| 338 |
_avolume _bnc _2rdacarrier |
||
| 650 | 7 |
_aDemokrasi _vKongreler _922040 |
|
| 651 | 7 |
_aTürkiye _xTarih _yDarbe girişimi, 2016 _9121085 |
|
| 700 | 1 |
_aAkcan, Ahmet _985345 |
|
| 700 | 1 |
_aKoç, Rasim, _d1970- _eedt. _9136224 |
|
| 700 | 1 |
_aAydın, Utku _4dsr. _9136225 |
|
| 942 |
_2lcc _cBK |
||